MARC

LEADER 00000n m0a2200000 4500
001 196492
005 20231031183119.0
035 |a (RuTPU)RU\TPU\book\214362 
090 |a 196492 
100 |a 20110524d1979 k y0rusy50 ca 
101 0 |a rus 
102 |a RU 
105 |a a z 001zy 
200 1 |a Рассказы о прикладной математике  |f А. Н. Тихонов, Д. П. Костомаров 
210 |a Москва  |c Наука  |d 1979 
215 |a 207 с.  |c ил. 
320 |a Предметный указатель: с. 205-206. 
610 1 |a прикладная математика 
610 1 |a математические модели 
610 1 |a вычислительные алгоритмы 
610 1 |a ЭВМ 
610 1 |a решение 
610 1 |a численные методы 
610 1 |a задачи оптимизации 
610 1 |a линейное программирование 
610 1 |a определенные интегралы 
610 1 |a дифференциальные уравнения 
675 |a 51-7  |v 3 
700 1 |a Тихонов  |b А. Н.  |g Андрей Николаевич 
701 1 |a Костомаров  |b Д. П.  |g Дмитрий Павлович 
801 1 |a RU  |b 63413507  |c 20110524 
801 2 |a RU  |b 63413507  |c 20140113  |g RCR 
942 |c BK